1675 1427 1252 1975 1355 1990 1793 1463 1606 1962 1636 1384 1508 1961 1506 1702 1451 1623 1376 1021 1178 1407 1857 1211 1082 1965 1397 1629 1469 1856 1618 1156 1686 1773 1378 1794 1804 1526 1072 1123 1909 1873 1438 1211 1090 1882 1624 1778 1818 1372 1343 1751 1367 1808 1013 1594 1018 1228 1969 1363 1507 1767 1283 1440 1093 1296 1979 1584 1324 1785 1321 1259 1846 1796 1928 1873 1403 1565 1183 1787 1818 1714 1129 1141 1689 1791 1305 1350 1539 1966 1304 1901 1477 1393 1471 1938 1262 1084 1949 BCNSPRNW ULIB Ver.6.0+V

เปลี่ยนเป็นภาษาไทย

Change to English
 แสดงรายละเอียดบรรณานุกรม
  กลับหน้าหลัก

Brief Record : Get Marc (ISO 2709) : E-mail record : QR code < ปิดหน้าต่าง
LEADER : 00000nam 2200000uu 4500
001    13399112420
003     ULIB
008    110815s2549||||th 000 0 tha d
020    9749535486
020    9789749535455
040    cl
050  4 HM2513^bด82ศ 2549
100 0  แดง ใบเล่
245 10 ศิลปะแห่งการทรยศหักหลัง /^cแดง ใบเล่
260    กรุงเทพฯ :^bผู้จัดการ,^c2549
300    176 หน้า ;^c21 ซม.
945    ^p130^l0^i018619
995    ทศพร
999 ^a ทศพร
รายการนี้ยังไม่มีแท็ก
คุณยังไม่ได้ล็อกอิน คุณสามารถมีกิจกรรมร่วมกับเว็บไซต์ได้ แต่ต้องล็อกอินก่อน ::
  ล็อกอิน

รายการสื่อสารสนเทศ

ลำดับที่ ประเภท เลขเรียก/บาร์โค้ด สถานที่ สถานะ
- ไม่พบข้อมูล -

BibComment


ยังไม่เคยถูกคอมเมนท์

คอมเมนท์ทรัพยากรรายการนี้
  คอมเมนท์: ศิลปะแห่งการทรยศห..


 Copyright 2026. Bcnsprnw @Library